| 000 | 00572nam a2200181 i 4500 | ||
|---|---|---|---|
| 001 | 121048 | ||
| 003 | ES-MaACL | ||
| 005 | 20230906191657.0 | ||
| 007 | t| | ||
| 008 | 070214s1915 sp r ||||1| spa d | ||
| 100 | 1 |
_aPoncelet, Víctor. _992960 |
|
| 245 | 1 | 3 |
_aEl gral. Francisco Villa _b: acreedor al premio Nobel : pequeña biografía de un gran hombre / _cVíctor Poncelet ; (traducción del francés). |
| 250 | _a2ª ed. | ||
| 260 |
_a[S.l.] : _b[s.n.], _c1915. |
||
| 300 |
_a15 p. ; _c15 cm. |
||
| 600 | 0 | 4 |
_aVilla, Pancho. _9114876 |
| 852 |
_aES-MaACL _j1481-F-10 |
||
| 999 |
_c121048 _d121048 |
||